Sports Quiz

Random Sports or Football Quiz

Top 5 NFL players by position Quiz Stats

Quiz not verified by Sporcle

Challenge
Share
Tweet
Embed
Score 0/65 Timer 12:00
0 Plays Today
% Correct
Tom Brady
98.4%
Peyton Manning
97.4%
Drew Brees
93.9%
Chris Johnson
92.1%
Andre Johnson
92.1%
Adrian Peterson
88.9%
Brett Favre
86.8%
Ben Roethlisberger
84.2%
DeAngelo Williams
79.2%
Kevin Williams
78.9%
Mario Williams
78.9%
Randy Moss
78.4%
Larry Fitzgerald
75.5%
Tony Gonzalez
74.9%
Antonio Gates
74.7%
Maurice Jones-Drew
74.4%
Steven Jackson
73.6%
Jason Witten
71.2%
Reggie Wayne
70.2%
Vernon Davis
67%
Dallas Clark
66.5%
Ray Lewis
65.4%
Ed Reed
64.4%
Darrelle Revis
59.6%
Brandon Marshall
54.9%
Troy Polamalu
54.4%
Patrick Willis
54.1%
Jared Allen
53.6%
DeMarcus Ware
51.5%
Joe Thomas
49.3%
Brian Urlacher
49.3%
James Harrison
48%
Champ Bailey
47.5%
% Correct
Dwight Freeney
45.9%
Julius Peppers
45.9%
Charles Woodson
45.1%
Nick Mangold
40.1%
Bob Sanders
40.1%
Jeff Saturday
35.6%
Nnamdi Asomugha
35.4%
Albert Haynesworth
35.1%
Jake Long
34.8%
Steve Hutchinson
33.8%
Shawne Merriman
33.2%
Vince Wilfork
33%
Adrian Wilson
29.3%
Ryan Clady
29%
Jon Beason
28.5%
Kris Jenkins
27.7%
D'brickshaw Ferguson
26.4%
Jahri Evans
26.4%
Haloti Ngata
26.4%
Trent Cole
26.4%
Lamarr Woodley
25.3%
Logan Mankins
23.2%
Jason Brown
23.2%
Elvis Dumervil
22.2%
Chris Snee
16.9%
Brandon Meriweather
16.1%
Jonathan Joseph
15.6%
Michael Roos
12.1%
Dan Koppen
11.9%
Karlos Dansby
10.6%
Ben Grubbs
7.9%
Nick Hardwick
6.3%

You're not logged in!

Compare scores with friends on all Sporcle quizzes.
Sign Up with Email
OR
Log In

You Might Also Like...

Show Comments

Extras

Top Quizzes Today


Score Distribution

Your Account Isn't Verified!

In order to create a playlist on Sporcle, you need to verify the email address you used during registration. Go to your Sporcle Settings to finish the process.

Report this User

Report this user for behavior that violates our Community Guidelines.

Details: